000 00283nam a2200121Ia 4500
008 241002s9999 xx 000 0 und d
082 _a420 LOG
100 _aLogon, Pearsall Smith
245 4 _aThe English Language
260 _aNew York:
_c1952
600 _aLanguges
942 _cUC
999 _c18952
_d18952